|
|
|
|
| LEADER |
01190nam a2200289 u 4500 |
| 001 |
10027025 |
| 003 |
upatras |
| 005 |
20210608075008.0 |
| 008 |
980731s1987 ge eng |
| 020 |
|
|
|a 3540178724
|q (Χαρτόδετο)
|
| 040 |
|
|
|a GR-PaULI
|c GR-PaULI
|
| 041 |
0 |
|
|a eng
|
| 082 |
0 |
4 |
|a 537.622
|
| 245 |
1 |
0 |
|a High magnetic fields in semiconductor physics
|b proceedings of the International Conference, held at the University of Wurzburg
|c editor G. Landwehr
|
| 260 |
|
|
|a Berlin
|b Springer Verlag
|c 1987
|
| 300 |
|
|
|a xiv, 562 p.
|b fig., tab.
|c 24 cm
|
| 490 |
0 |
|
|a Springer series in solid-state sciences
|v 71
|
| 500 |
|
|
|a With 378 figures
|
| 505 |
1 |
|
|a Includes references, index
|
| 650 |
|
4 |
|a Ημιαγωγοί
|9 722
|
| 650 |
|
4 |
|a Ημιαγωγοί
|x Ιδιότητες
|9 723
|
| 700 |
1 |
|
|a Landwehr, Gottfried
|9 152815
|
| 760 |
1 |
|
|a Springer series in solid-state sciences
|g 71
|
| 852 |
|
|
|a GR-PaULI
|b ΠΑΤΡΑ
|b ΦΥΣΙΚΟ
|k ΑΕΧ-1
|h 537.622 LAN
|m 03765
|p 025000024300
|t 1
|
| 942 |
|
|
|2 ddc
|c BK15
|
| 952 |
|
|
|0 0
|1 0
|4 0
|6 537_622000000000000_LAN
|7 0
|9 197415
|a PHYS
|b PHYS
|d 2016-04-24
|i 03765
|l 0
|o 537.622 LAN
|p 025000024300
|r 2016-04-24 00:00:00
|t 1
|w 2016-04-24
|y BK15
|
| 999 |
|
|
|c 121217
|d 121217
|